00639 2200229 4500001002100000005001700021008004100038020001800079035002500097040001200122090002300134100002500157245004200182250001100224260004100235300001900276500002700295504003100322650002300353850001200376990002100388YOGYA-0209000004549820150423143825.0 ind  a979-3708-20-4 a0010-020900000045498 aYOPDYOG aDEP 297.122bAbd T aABDUL WAHID, H. Saad aTafsir al-hidayah : ayat-ayat syariah aCet. 1 aYogyakartabSuara Muhammadiyahc2004 a...jilc21 cm. aYang diterima : jil. 1 aBibliografi : hlm. 211-214 aAl-Qur an - Tafsir aYOPDYOG aCB-D.11-2004-694